2023-2024 Los Angeles Lakers Roster - Statistics

General Stats
  • This quiz has been taken 69 times
  • The average score is 10 of 17
Answer Stats
Position Answer School % Correct
F/C Anthony Davis Kentucky
100%
F LeBron James St Vincent- St Mary HS
100%
G D'Angelo Russell Ohio State
92%
G Austin Reaves Oklahoma
90%
F Rui Hachimura Gonzaga
79%
F Taurean Prince Baylor
72%
F/C Christian Wood UNLV
69%
F Jarred Vanderbilt Kentucky
69%
G Gabe Vincent UC Santa Barbara
64%
F/C Jaxson Hayes Texas
61%
G Max Christie Michigan State
54%
G/F Cam Reddish Duke
49%
G Jalen Hood-Schifino Indiana
49%
F Maxwell Lewis Pepperdine
31%
G Skylar Mays LSU
25%
G Dylan Windler Belmont
10%
C Colin Castleson Florida
0%
No matching quizzes found
Score Distribution
Percent of People with Each Score
Percentile by Number Answered
Your Score History
You have not taken this quiz